000 00335nam a2200145Ia 4500
008 230917s9999||||xx |||||||||||||| ||und||
040 _e248100
_aMAIN
041 _aEnglish
082 _a658.3 P887H
100 _aPrativindhya
245 0 _aHuman resource development practices
260 _c2013
300 _a70 p.
942 _cTH
999 _c127472
_d127472